Akademicka mysl ekonomiczna wobec interwencjonizmu w Polsce miedzywojennej.

Úvod. Stanovisko akademického myslenia v prvom období diskusií o intervencionizme. Názory zástupcov akademického myslenia v období "sporu o etatizmus". Stanovisko vedy ex cathedra k intervencionizmu v 30. rokoch. Zhrnutie názorov zástupcov akademického ekonomického myslenia o intervencionizme.

Guardado en:
Detalles Bibliográficos
Autor principal: Zagóra-Jonszta, U.
Formato: Capítulo de libro
Lenguaje:polaco
Materias:
Etiquetas: Agregar Etiqueta
Sin Etiquetas, Sea el primero en etiquetar este registro!

MARC

LEADER 00000naa a2200000 4500
001 r002756
005 20220819193636.0
041 0 |a pol 
044 |a PL 
245 1 0 |a Akademicka mysl ekonomiczna wobec interwencjonizmu w Polsce miedzywojennej.  |c U. Zagóra-Jonszta 
520 |a Úvod. Stanovisko akademického myslenia v prvom období diskusií o intervencionizme. Názory zástupcov akademického myslenia v období "sporu o etatizmus". Stanovisko vedy ex cathedra k intervencionizmu v 30. rokoch. Zhrnutie názorov zástupcov akademického ekonomického myslenia o intervencionizme. 
610 2 0 |a intervencionizmus štátny 
610 2 0 |a PR 
610 2 0 |a diskusia 
610 2 0 |a veda ekonomická 
610 2 0 |a dejiny myslenia ekonomického 
100 1 |a Zagóra-Jonszta, U.